<Le> déclin américain: un mythe?
Úpadok amerického priemyslu. A najväčšia hrozba tkvie v tom, že Američania tomu veria. Sú USA ešte schopné súťažiť? Ich tromfy a handicapy. Postavenie amerických firiem. Rast vývozu. Vysoká produktivita. Nízke mzdové náklady. Slabé investície. Pokles vzdelávania. Ako to všetko liečiť? (The Economist...
Salvato in:
| Natura: | Capitolo di libro |
|---|---|
| Lingua: | francese |
| Soggetti: | |
| Tags: |
Nessun Tag, puoi essere il primo ad aggiungerne!!
|
MARC
| LEADER | 00000naa a2200000 4500 | ||
|---|---|---|---|
| 001 | r008455 | ||
| 005 | 20220913124928.7 | ||
| 041 | 0 | |a fre | |
| 044 | |a FR | ||
| 245 | 1 | 0 | |a <Le> déclin américain: un mythe? |
| 520 | |a Úpadok amerického priemyslu. A najväčšia hrozba tkvie v tom, že Američania tomu veria. Sú USA ešte schopné súťažiť? Ich tromfy a handicapy. Postavenie amerických firiem. Rast vývozu. Vysoká produktivita. Nízke mzdové náklady. Slabé investície. Pokles vzdelávania. Ako to všetko liečiť? (The Economist 18.1.1992). | ||
| 610 | 2 | 0 | |a úpadok hospodársky |
| 610 | 2 | 0 | |a priemysel |
| 610 | 2 | 0 | |a USA |
| 610 | 2 | 0 | |a vývoz |
| 610 | 2 | 0 | |a produktivita práce |
| 610 | 2 | 0 | |a náklady mzdové |
| 610 | 2 | 0 | |a investície |
| 610 | 2 | 0 | |a vzdelávanie |
| 610 | 2 | 0 | |a firmy |